02112 2200985 4500001002100000008004100021035002000062245007400082100003100156260003100187300002400218020002200242084001400264082000800278990001200286990001200298990001200310990001200322990001200334990001200346990001200358990001200370990001200382990001200394990001200406990001200418990001200430990001200442990001200454990001200466990001200478990001200490990001200502990001200514990001200526990001200538990001200550990001200562990001200574990001200586990001200598990001200610990001200622990001200634990001200646990001200658990001200670990001200682990001200694990001200706990001200718990001200730990001200742990001200754990001200766990001200778990001200790990001200802990001200814990001200826990001200838990001200850990001200862990001200874990001200886990001200898990001200910990001200922990001200934990001200946990001200958990001200970990001200982990001200994990001201006990001201018990001201030990001201042990001201054990001201066990001201078990001201090990001201102990001201114INLIS000000000002892 IND  a0010-0925000239 aPembelajaran Interaktif Sejarah Kelas XIIcHerimanto & Eko Tangiyatni aHerimanto & Eko Tangiyatni aSolobTiga Serangkaic2025 a206c(20 x 22,5 cm) a978-623-513-138-2 a900 HER p a900 a0755205 a0755206 a0755207 a0755208 a0755209 a0755210 a0755211 a0755212 a0755213 a0755214 a0755215 a0755216 a0755217 a0755218 a0755219 a0755220 a0755221 a0755222 a0755223 a0755224 a0755225 a0755226 a0755227 a0755228 a0755229 a0755230 a0755231 a0755232 a0755233 a0755234 a0755235 a0755236 a0755237 a0755238 a0755239 a0755240 a0755241 a0755242 a0755243 a0755244 a0755245 a0755246 a0755247 a0755248 a0755249 a0755250 a0755251 a0755252 a0755253 a0755254 a0755255 a0755256 a0755257 a0755258 a0755259 a0755260 a0755261 a0755262 a0755263 a0755264 a0755265 a0755266 a0755267 a0755268 a0755269 a0755270 a0755271 a0755272 a0755273 a0755274